000 00346nam a22001337a 4500
020 _a9780070702448
040 _cNUST
082 _a621.3121 ELW
100 _aEL-Wakil, M.M
_9111617
245 _aPowerplant Technology
260 _aNew Dheli:
_bMc Graw Hill,
_c2019.
650 _aDME TEXTBOOK POWERPLANT TECHNOLOGY
_9111618
942 _2ddc
_cBK
999 _c594403
_d594403